1347-習志野市(千葉県)の駅 - Statistics

General Stats
  • This quiz has been taken 14 times
  • The average score is 7 of 7
Answer Stats
Answer % Correct
津田沼
100%
新習志野
100%
谷津
100%
京成津田沼
100%
京成大久保
100%
新津田沼
92%
実籾
83%
No matching quizzes found
Score Distribution
Percent of People with Each Score
Percentile by Number Answered
Your Score History
You have not taken this quiz